00533cam a22002171 4500001001300000003000400013005001700017008004100034010001700075035002000092040001800112042001200130050002400142100004000166245003300206260001100239300001900250500001600269500001300285999001700298sa 67001868 DLC20260227112326.0890626s1966 ii 000 1 beno  asa 67001868  a(OCoLC)19925830 aDLCcWaUdDLC apremarc00aPK1730.14.A8356bT31 aBhattacharya, Lokenath,d1927-2001.10aYata dvāra, tata araṇya. c[1966] a223 p.c22 cm. aIn Bengali. aA novel. c72890d72890